América del sur en los nuevos lineamientos de la política exterior soviética
保存先:
| 第一著者: | |
|---|---|
| フォーマット: | 図書 |
| 言語: | スペイン語 |
| 出版事項: |
Santiago
ILET
1988
|
| シリーズ: | Comisión Sudamericana de Paz. Documento de Trabajo
|
| 主題: | |
| タグ: |
タグ追加
タグなし, このレコードへの初めてのタグを付けませんか!
|
MARC
| LEADER | 00000nam a2200000 a 4500 | ||
|---|---|---|---|
| 001 | UCP8935 | ||
| 003 | CL-VaPUC | ||
| 005 | 20221212104210.0 | ||
| 008 | 000317e19880000cl 1 spa d | ||
| 082 | 0 | 4 | |a 327.4708 |b YOP |2 21 |
| 100 | 1 | |a Yopo, Boris |e author |9 619699 | |
| 245 | 1 | 0 | |a América del sur en los nuevos lineamientos de la política exterior soviética |
| 260 | |a Santiago |b ILET |c 1988 | ||
| 300 | |a 46 p | ||
| 490 | 0 | |a Comisión Sudamericana de Paz. Documento de Trabajo | |
| 583 | |a last modification |c 20000317 00:00:00 |k Rodrigo Vera | ||
| 650 | 0 | 0 | |a Relaciones Internacionales |9 255740 |
| 650 | 0 | 0 | |a Política exterior |9 316628 |
| 650 | 0 | 0 | |a Seguridad internacional |9 256547 |
| 650 | 0 | 0 | |a Congresos |9 257560 |
| 651 | 0 | |a Unión Soviética |9 256769 | |
| 651 | 0 | |a América Latina |9 255027 | |
| 942 | |c BK | ||
| 945 | |a crobeson |d 20000317 00:00:00 | ||
| 546 | |a En Español | ||
| 518 | |p Seguridad Democrática Regional: una Concepción Alternativa de Seguridad, Santiago, 23 al 26 de marzo de 1988 | ||
| 999 | |c 383529 |d 383527 | ||
| 952 | |0 0 |1 0 |4 0 |6 327_470800000000000_YOP_1988 |7 0 |8 A |9 505673 |a BIBHIS |b BIBHIS |d 2020-01-23 |i 1391828 |o 327.4708 YOP 1988 |p 1391828 |r 2025-01-20 |w 2020-01-23 |y BK |k HIS | ||